[Event "Oberliga Nord O 1718"]
[Site "Germany"]
[Date "2018.02.04"]
[Round "6.5"]
[White "Venske, Kai Gerrit"]
[Black "Paulowitz, Bernd Rainer"]
[Result "1-0"]
[WhiteElo "2183"]
[BlackElo "1924"]
[PlyCount "38"]
[EventDate "2017.10.08"]
[EventType "team-tourn"]
[EventRounds "9"]
[EventCountry "GER"]
[SourceTitle "EXT 2019"]
[Source "ChessBase"]
[SourceDate "2018.10.10"]
[SourceVersion "1"]
[SourceVersionDate "2018.10.10"]
[SourceQuality "1"]
[WhiteTeam "Berlin Weisse Dame"]
[BlackTeam "Stralsund"]
[WhiteTeamCountry "GER"]
[BlackTeamCountry "GER"]

1. d4 d5 2. Nc3 g6 3. e4 dxe4 4. Nxe4 Bg7 5. c3 c6 6. Bc4 b5 7. Bb3 Bf5 8. Ng5 Nh6 9. h3 0-0 10. Bf4 Nd7 11. g4 e5 12. Be3 exd4 13. cxd4 Re8 14. Nxf7 Nxf7 15. gxf5 gxf5 16. Qh5 Qf6 17. Nf3 Kf8 18. 0-0-0 Nd6 19. Ng5 Qd8 1-0

[Event "Mecklenburg VP LL2 Ost 1516"]
[Site "Mecklenburg VP"]
[Date "2015.10.11"]
[Round "2.2"]
[White "Van Bentum, Horst"]
[Black "Paulowitz, Bernd Rainer"]
[Result "1-0"]
[WhiteElo "1925"]
[BlackElo "1887"]
[PlyCount "53"]
[EventDate "2015.09.20"]
[EventType "team-tourn"]
[EventRounds "9"]
[EventCountry "GER"]
[SourceTitle "EXT 2022"]
[Source "ChessBase"]
[SourceDate "2021.10.06"]
[SourceVersion "1"]
[SourceVersionDate "2021.10.06"]
[SourceQuality "1"]
[WhiteTeam "Graal Mueritz"]
[BlackTeam "Stralsund FHSG II"]
[WhiteTeamCountry "GER"]
[BlackTeamCountry "GER"]

1. e4 e6 2. d4 d5 3. Nd2 Nf6 4. e5 Nfd7 5. Bd3 c5 6. c3 Nc6 7. Ne2 Be7 8. Nf3 c4 9. Bc2 b5 10. a3 a5 11. 0-0 a4 12. Be3 Nf8 13. Rc1 Kd7 14. Nd2 Kc7 15. f4 g6 16. Nf3 h5 17. Ng5 Qe8 18. Qe1 f6 19. exf6 Bxf6 20. Nf3 Ne7 21. Ne5 Nf5 22. Bf2 Kb6 23. Ng3 Qd8 24. Nxf5 gxf5 25. Nf7 Qe8 26. Nxh8 Bxh8 27. Bxf5 1-0